Catalog

Record Details

Catalog Search



Available copies

  • 2 of 2 copies available at LARL/NWRL Consortium.

Current holds

0 current holds with 2 total copies.

Show All Copies
Location Call Number / Copy Notes Barcode Shelving Location Status Due Date
Godel Memorial-Warren Library WIN (Text) 35500004545198 Main Available -
Roseau Public Library WIN (Text) 35500004524995 Main Available -

Record details

  • ISBN: 9780451226938
  • ISBN: 0451226933
  • Physical Description: x, 354 p. ; 21 cm.
  • Publisher: New York : NAL Accent, c2009.

Content descriptions

General Note:
Includes conversation guide. Questions with author and for discussion.
Summary, etc.:
In a struggling Dallas neighborhood, two unlikely ... Read More
Subject: Bereavement > Psychological aspects > Fiction.
Families > Fiction.
Runaways > Fiction.
City and town life > Fiction.
Intergenerational relations > Fiction.
Life change events > Fiction.
LDR 01901cam a22003974a 4500
001106811
003LARL_NWRL_CONSORTIUM
00520090716091106.0
008081215s2009 nyu 000 1 eng
020 . ‡a9780451226938
020 . ‡a0451226933
035 . ‡a(OCoLC)268795557
043 . ‡an-us-tx
08200. ‡a813/.54 ‡222
1001 . ‡aWingate, Lisa. ‡0(LARL_NWRL_CONSORTIUM)43836
24514. ‡aThe summer kitchen ‡n#2/ ‡cLisa Wingate.
260 . ‡aNew York : ‡bNAL Accent, ‡cc2009.
300 . ‡ax, 354 p. ; ‡c21 cm.
4900 . ‡aBlue sky hill ; ‡v#2
500 . ‡aIncludes conversation guide. Questions with author and for discussion.
520 . ‡aIn a struggling Dallas neighborhood, two unlikely allies--Sandra Kaye Darden whose missing adopted son draws her to her Uncle Poppy's home and Cass Blue who is struggling to survive on her own after ditching foster care--realize their ability to make a difference--and the power of what becomes known as the Summer Kitchen to nourish the soul.
650 0. ‡aBereavement ‡xPsychological aspects ‡vFiction.
650 0. ‡aFamilies ‡vFiction. ‡0(LARL_NWRL_CONSORTIUM)164942
650 0. ‡aRunaways ‡vFiction.
650 0. ‡aCity and town life ‡vFiction. ‡0(LARL_NWRL_CONSORTIUM)164072
650 0. ‡aIntergenerational relations ‡vFiction. ‡0(LARL_NWRL_CONSORTIUM)172543
650 0. ‡aLife change events ‡vFiction. ‡0(LARL_NWRL_CONSORTIUM)165934
901 . ‡a106811 ‡bOCLC ‡c106811 ‡tbiblio

Additional Resources